000
00290nam a22001337a 4500
008
180116b xxu||||| |||| 00| 0 eng d
020
_a
9780962855030
041
_a
eng
080
_a
612.39
100
_a
10
101
_a
NUT
245
_a
THE FOUR INGREDIENT
_c
Coffee,L
942
_2
udc
_c
BK
999
_c
40381
_d
40381